[Event "44th Guernsey International Open"]
[Site "?"]
[Date "2018.10.21"]
[Round "1"]
[White "Grieve, Harry"]
[Black "Dijksterhuis, Rolf"]
[Result "1-0"]
[WhiteElo "2292"]
[BlackElo "1958"]
[PlyCount "71"]
[EventDate "2018.10.21"]

1. d4 d5 2. Bg5 Nf6 3. Bxf6 exf6 4. e3 Bd6 5. g3 O-O 6. Bg2 c6 7. Ne2 Re8 8.
O-O Bf5 9. b3 Nd7 10. c4 dxc4 11. bxc4 Be4 12. Bxe4 Rxe4 13. Nbc3 Re8 14. Rb1
b6 15. a4 f5 16. a5 bxa5 17. Qd3 g6 18. c5 Bc7 19. Qa6 Re6 20. Rfd1 g5 21. Qd3
Qf6 22. Rb7 Rc8 23. Rxa7 f4 24. exf4 gxf4 25. Nxf4 Bxf4 26. Rxd7 Rc7 27. Rxc7
Bxc7 28. d5 cxd5 29. Nxd5 Qd8 30. Qf3 Qb8 31. Rd4 Be5 32. Rg4+ Kf8 33. Nb6 Qd8
34. Re4 Qe7 35. Qf5 Qf6 36. Nd7+ 1-0

[Event "44th Guernsey International Open"]
[Site "?"]
[Date "2018.10.21"]
[Round "1"]
[White "Waddington, Mike P"]
[Black "Fassaert, Desire JM"]
[Result "1/2-1/2"]
[WhiteElo "2096"]
[BlackElo "1942"]
[PlyCount "58"]
[EventDate "2018.10.21"]

1. Nc3 d5 2. e4 c6 3. f4 dxe4 4. Nxe4 Nd7 5. Nf3 Ngf6 6. Nf2 e6 7. b3 Bd6 8.
Nd3 O-O 9. Bb2 a5 10. a4 b6 11. g3 Ba6 12. c4 Bb7 13. Bg2 c5 14. O-O Qc7 15.
Qe2 Rad8 16. Rae1 Nb8 17. Nde5 Nc6 18. Bh3 Nd7 19. Nxf7 Rxf7 20. Bxe6 Nf8 21.
Ng5 Nxe6 22. Qxe6 Bc8 23. Qxf7+ Qxf7 24. Nxf7 Kxf7 25. f5 Be7 26. Bc3 Nd4 27.
Rf2 Bf6 28. Re3 Bb7 29. h4 h6 1/2-1/2

[Event "44th Guernsey International Open"]
[Site "?"]
[Date "2018.10.21"]
[Round "1"]
[White "Taylor, Mark V"]
[Black "Reijneveld, Ad"]
[Result "1/2-1/2"]
[WhiteElo "1933"]
[BlackElo "2089"]
[PlyCount "30"]
[EventDate "2018.10.21"]

1. d4 Nf6 2. Nc3 d6 3. e4 g6 4. Bg5 Bg7 5. Qd2 O-O 6. O-O-O c6 7. Bd3 e5 8.
Nge2 h6 9. Bh4 Nbd7 10. f3 exd4 11. Nxd4 Nxe4 12. Qf4 Ng5 13. Bf2 Nc5 14. Bc4
Qa5 15. Qxd6 Qb4 1/2-1/2

[Event "44th Guernsey International Open"]
[Site "?"]
[Date "2018.10.21"]
[Round "1"]
[White "Rosen, Daniel B"]
[Black "Spanton, Timothy R"]
[Result "1/2-1/2"]
[WhiteElo "2081"]
[BlackElo "1923"]
[PlyCount "61"]
[EventDate "2018.10.21"]

1. e4 e5 2. Nf3 Nc6 3. Bb5 Nf6 4. d3 Bc5 5. O-O Nd4 6. Nxd4 Bxd4 7. c3 Bb6 8.
Nd2 c6 9. Ba4 O-O 10. Nf3 d6 11. Bc2 Re8 12. Qe2 Qe7 13. Be3 d5 14. Bxb6 axb6
15. Bb3 dxe4 16. dxe4 Be6 17. Qe3 Nd7 18. Bxe6 Qxe6 19. b3 Nc5 20. Rfd1 f6 21.
h3 Red8 22. Qe2 Qe7 23. Ne1 Ra3 24. Rxd8+ Qxd8 25. Rd1 Qe7 26. Rd2 Ra8 27. f3
Ne6 28. Qe3 Qc5 29. Kf2 Qxe3+ 30. Kxe3 Rd8 31. Rxd8+ 1/2-1/2

[Event "44th Guernsey International Open"]
[Site "?"]
[Date "2018.10.21"]
[Round "1"]
[White "Goris, Ton"]
[Black "Kraft, Karl Heinz"]
[Result "1/2-1/2"]
[WhiteElo "1922"]
[BlackElo "2047"]
[PlyCount "44"]
[EventDate "2018.10.21"]

1. e4 e6 2. d4 d5 3. e5 c5 4. c3 Nc6 5. Nf3 Nh6 6. a3 f6 7. Bd3 Nf7 8. Qe2 Qc7
9. exf6 gxf6 10. O-O e5 11. dxe5 Ncxe5 12. Bf4 Bg4 13. Bb5+ Kd8 14. Nbd2 Bd6
15. Bg3 a6 16. Ba4 Qe7 17. Rfe1 Kc7 18. Qf1 h5 19. Bd1 Rae8 20. Nh4 Qd8 21. f4
Nc6 22. Bf3 Ne7 1/2-1/2

[Event "44th Guernsey International Open"]
[Site "?"]
[Date "2018.10.21"]
[Round "1"]
[White "Havenaar, Jan"]
[Black "Burton, Ronnie"]
[Result "1-0"]
[WhiteElo "2043"]
[BlackElo "1919"]
[PlyCount "87"]
[EventDate "2018.10.21"]

1. Nc3 d5 2. e4 d4 3. Nce2 e5 4. Ng3 Be6 5. c3 c5 6. Nf3 Bd6 7. Bb5+ Nd7 8. Qe2
a6 9. Bc4 Bxc4 10. Qxc4 Nb6 11. Qe2 Ne7 12. O-O O-O 13. cxd4 cxd4 14. d3 Rc8
15. Nh4 Ng6 16. Nhf5 Be7 17. Nh5 Bf6 18. Qg4 Rc6 19. f4 Nd7 20. Nfxg7 Bxg7 21.
f5 Qh4 22. Qf3 Nf4 23. Nxg7 Kxg7 24. g3 Nh3+ 25. Kh1 Ng5 26. gxh4 Nxf3 27. Rxf3
Rfc8 28. Rg3+ Kf8 29. Bd2 Nf6 30. Rgg1 Rc2 31. Rac1 R8c6 32. Rxc2 Rxc2 33. Bh6+
Ke8 34. Bg5 Nd7 35. Bh6 Ke7 36. Rg7 Rxb2 37. Bg5+ Nf6 38. Rxh7 Rb6 39. Rh6 Rc6
40. Rxf6 Rxf6 41. Kg2 b5 42. Kf3 a5 43. Ke2 a4 44. Kd2 1-0

[Event "44th Guernsey International Open"]
[Site "?"]
[Date "2018.10.21"]
[Round "1"]
[White "Hawkins, James NH"]
[Black "Curtis, John E"]
[Result "1/2-1/2"]
[WhiteElo "1910"]
[BlackElo "2042"]
[PlyCount "29"]
[EventDate "2018.10.21"]

1. e4 d6 2. d4 Nf6 3. Nc3 e5 4. dxe5 dxe5 5. Qxd8+ Kxd8 6. Bc4 Be6 7. Bxe6 fxe6
8. f3 Nc6 9. Be3 Bd6 10. Nge2 Ke7 11. O-O-O a6 12. Rd2 b5 13. Rdd1 Rhf8 14. Ng3
Rab8 15. Nce2 1/2-1/2

[Event "44th Guernsey International Open"]
[Site "?"]
[Date "2018.10.21"]
[Round "1"]
[White "Purdon, Colin"]
[Black "Canonne, Antoine"]
[Result "1-0"]
[WhiteElo "2036"]
[BlackElo "1902"]
[PlyCount "89"]
[EventDate "2018.10.21"]

1. d4 Nc6 2. Nf3 d5 3. c4 Bg4 4. Nc3 e6 5. Bg5 f6 6. Bf4 Bd6 7. cxd5 Bxf4 8.
dxc6 bxc6 9. e3 Bd6 10. h3 Bh5 11. Bc4 Bf7 12. Qe2 Ne7 13. O-O O-O 14. Rfd1 Nd5
15. Rac1 Qe7 16. Bb3 Nxc3 17. Rxc3 c5 18. dxc5 Bxc5 19. Qb5 Bb6 20. Rd7 Qe8 21.
Qc6 Rd8 22. Rxd8 Qxd8 23. Bxe6 Qd1+ 24. Kh2 Qd6+ 25. Qxd6 cxd6 26. Bxf7+ Kxf7
27. Kg3 Rd8 28. h4 g6 29. b4 Rd7 30. a4 d5 31. Nd4 Bc7+ 32. Kf3 Be5 33. Ke2
Bxd4 34. exd4 h5 35. b5 Ke6 36. a5 Kf5 37. Kd3 g5 38. hxg5 fxg5 39. Rc5 g4 40.
g3 Kg5 41. b6 axb6 42. axb6 Kf5 43. Rb5 Rb7 44. Rxd5+ Kf6 45. Rb5 1-0

[Event "44th Guernsey International Open"]
[Site "?"]
[Date "2018.10.21"]
[Round "1"]
[White "Morcom, Huw"]
[Black "Heppell, Ian N"]
[Result "1/2-1/2"]
[WhiteElo "1901"]
[BlackElo "2031"]
[PlyCount "87"]
[EventDate "2018.10.21"]

1. Nf3 d6 2. e4 e5 3. Be2 Nf6 4. d3 Nbd7 5. O-O Be7 6. h3 c6 7. c4 d5 8. Nc3
dxc4 9. dxc4 Qc7 10. a3 a5 11. Be3 O-O 12. Qc2 Re8 13. Rad1 Bc5 14. Bg5 h6 15.
Bh4 Nh5 16. Kh1 Nf8 17. Na4 Be7 18. c5 Nf4 19. Nb6 Rb8 20. Bxe7 Qxe7 21. Nxc8
Rbxc8 22. Bc4 Rcd8 23. b4 axb4 24. axb4 N8e6 25. Kh2 Nd4 26. Nxd4 exd4 27. Rfe1
Qf6 28. f3 Re5 29. g3 Rh5 30. Bf1 Ne6 31. Rd3 g5 32. Qe2 Qe5 33. Bg2 Kh7 34.
Qf2 Rg8 35. Kg1 Rg6 36. Kf1 Rf6 37. Ke2 Rg6 38. Kd1 Rg8 39. Rd2 Re8 40. Ra2 f5
41. Ra7 Re7 42. exf5 Qxf5 43. Qc2 Qg6 44. Re2 1/2-1/2

[Event "44th Guernsey International Open"]
[Site "?"]
[Date "2018.10.21"]
[Round "1"]
[White "Wager, John D"]
[Black "Karstens, Lex"]
[Result "1/2-1/2"]
[WhiteElo "2029"]
[BlackElo "1874"]
[PlyCount "67"]
[EventDate "2018.10.21"]

1. d4 Nf6 2. Nf3 d5 3. e3 g6 4. Bd3 Bg7 5. Nbd2 O-O 6. b3 Nbd7 7. Bb2 c5 8. O-O
Re8 9. c4 cxd4 10. exd4 e6 11. Qc2 b6 12. a4 Bb7 13. Rac1 Rc8 14. Qb1 Bf8 15.
Rfe1 Bb4 16. Bc3 Bxc3 17. Rxc3 Qe7 18. h3 Qf8 19. Rec1 e5 20. dxe5 Nxe5 21.
Nxe5 Rxe5 22. Nf3 Ree8 23. Qb2 Qd6 24. Be2 Ne4 25. Rd3 Qf6 26. Qxf6 Nxf6 27.
Rd2 dxc4 28. Bxc4 Kg7 29. Rcd1 Re7 30. Nd4 a6 31. Nf3 Rc5 32. Rd4 Rec7 33. Ne1
Rg5 34. Rd6 1/2-1/2

[Event "44th Guernsey International Open"]
[Site "?"]
[Date "2018.10.21"]
[Round "1"]
[White "Brookfield, Toby"]
[Black "Sedgwick, David R"]
[Result "0-1"]
[WhiteElo "1873"]
[BlackElo "2013"]
[PlyCount "62"]
[EventDate "2018.10.21"]

1. e4 e6 2. d4 d5 3. Nc3 Nf6 4. e5 Nfd7 5. f4 c5 6. Nf3 Nc6 7. Be3 Qb6 8. Na4
Qa5+ 9. c3 cxd4 10. b4 Nxb4 11. cxb4 Bxb4+ 12. Bd2 Bxd2+ 13. Nxd2 O-O 14. Be2
b5 15. Nb2 Nb6 16. Bf3 Ba6 17. O-O Nc4 18. Nbxc4 bxc4 19. Bg4 c3 20. Nb3 Qb6
21. Rf3 d3+ 22. Kh1 Qb4 23. Qe1 d2 24. Qe3 Rac8 25. f5 c2 26. Rf4 d4 27. Qg1
Qc3 28. fxe6 c1=Q 29. exf7+ Kh8 30. e6 Qe3 31. Bd1 Qxf4 0-1

[Event "44th Guernsey International Open"]
[Site "?"]
[Date "2018.10.21"]
[Round "1"]
[White "Van den Boogaart, Jan Maarten"]
[Black "Schadd, Jan"]
[Result "1-0"]
[WhiteElo "2009"]
[BlackElo "1872"]
[PlyCount "73"]
[EventDate "2018.10.21"]

1. e4 e6 2. d4 d5 3. Nc3 Bb4 4. e5 c5 5. a3 Bxc3+ 6. bxc3 Qa5 7. Bd2 Qa4 8. Qg4
Kf8 9. Qd1 Nc6 10. Nf3 Nge7 11. Be3 c4 12. Be2 h6 13. O-O Ke8 14. Ne1 Kd7 15.
f4 Kc7 16. g3 Bd7 17. Ng2 Rag8 18. Kh1 Nd8 19. Bg1 f6 20. exf6 gxf6 21. Ne3 Nf7
22. Bf3 Nd6 23. Qe2 Be8 24. f5 Nexf5 25. Nxf5 exf5 26. Bxd5 Rg7 27. Bg2 Bd7 28.
d5 Re8 29. Qd2 Rge7 30. Bf3 f4 31. Qxf4 Qxc2 32. Bc5 Re5 33. Bxd6+ Kxd6 34.
Qxc4 Re4 35. Bxe4 Rxe4 36. Rxf6+ Ke5 37. Qf1 1-0

[Event "44th Guernsey International Open"]
[Site "?"]
[Date "2018.10.21"]
[Round "1"]
[White "Thurlow, Kevin J"]
[Black "Ingham, H William"]
[Result "1-0"]
[WhiteElo "2002"]
[BlackElo "1849"]
[PlyCount "65"]
[EventDate "2018.10.21"]

1. c4 e5 2. Nc3 d6 3. e3 Be7 4. Nge2 Nf6 5. d4 O-O 6. Qc2 c6 7. b3 a6 8. Bb2
Nbd7 9. g3 exd4 10. exd4 Nb6 11. Bg2 Bg4 12. h3 Bd7 13. O-O Qc8 14. Kh2 Bf5 15.
Qd2 Re8 16. Rae1 h6 17. Nf4 Bf8 18. a4 a5 19. Rxe8 Qxe8 20. Re1 Qd7 21. d5 Re8
22. dxc6 bxc6 23. Nd1 Rxe1 24. Qxe1 Be7 25. Qxa5 Bd8 26. Qd2 g5 27. Ne2 Ne4 28.
Bxe4 Bxe4 29. Qd4 f5 30. Ne3 c5 31. Qh8+ Kf7 32. Qxh6 Be7 33. Qg7+ 1-0

[Event "44th Guernsey International Open"]
[Site "?"]
[Date "2018.10.21"]
[Round "1"]
[White "Gravett, Alan D"]
[Black "Magnussen, Pal"]
[Result "0-1"]
[WhiteElo "1821"]
[BlackElo "2000"]
[PlyCount "42"]
[EventDate "2018.10.21"]

1. Nf3 Nf6 2. g3 g6 3. b4 Bg7 4. Bb2 a5 5. b5 c6 6. c4 cxb5 7. cxb5 Qb6 8. e3
O-O 9. a4 Nc6 10. Na3 d5 11. Bxf6 Bxf6 12. bxc6 Bxa1 13. cxb7 Bxb7 14. Qxa1 Qb4
15. Bb5 Rfd8 16. O-O Rac8 17. d4 Qd6 18. Rc1 Rxc1+ 19. Qxc1 Rc8 20. Qb2 Qb4 21.
Qa1 Rc3 0-1

[Event "44th Guernsey International Open"]
[Site "?"]
[Date "2018.10.21"]
[Round "1"]
[White "Collier, David O"]
[Black "Carlucci, Paul A"]
[Result "1-0"]
[WhiteElo "1999"]
[BlackElo "1817"]
[PlyCount "105"]
[EventDate "2018.10.21"]

1. d4 Nf6 2. Bg5 e6 3. Nd2 Be7 4. e4 O-O 5. Ngf3 h6 6. Bh4 b6 7. Bd3 Bb7 8. Qe2
a5 9. O-O d5 10. e5 Nh7 11. Bg3 c5 12. c3 cxd4 13. Nxd4 Nd7 14. Rfe1 Nc5 15.
Bc2 Qd7 16. f4 Ba6 17. Qf3 a4 18. h4 Rae8 19. f5 Bd8 20. Qg4 Kh8 21. fxe6 Nxe6
22. Nxe6 Qxe6 23. Bf5 Qc6 24. Bd7 Qb7 25. Bxe8 Rxe8 26. Qxa4 b5 27. Qb4 Nf8 28.
Nf3 Ne6 29. Rad1 Be7 30. Qb3 Rd8 31. Bf2 b4 32. Nd2 bxc3 33. Qxb7 Bxb7 34. bxc3
Nc5 35. Nf3 Ba6 36. Bd4 Bc4 37. Ra1 Ra8 38. Reb1 Kg8 39. g3 Bd3 40. Rb6 Ne4 41.
Ne1 Be2 42. Kg2 g5 43. Rb7 Bf8 44. hxg5 hxg5 45. a4 Nc5 46. Rb2 Bc4 47. Bxc5
Bxc5 48. Nf3 Be3 49. Nd4 Bd3 50. Kf3 Bxd4 51. cxd4 Ra6 52. a5 f5 53. Rb6 1-0

[Event "44th Guernsey International Open"]
[Site "?"]
[Date "2018.10.21"]
[Round "1"]
[White "Murray, J Stephen"]
[Black "Bolt, Graham"]
[Result "1/2-1/2"]
[WhiteElo "1757"]
[BlackElo "1994"]
[PlyCount "111"]
[EventDate "2018.10.21"]

1. e4 g6 2. d4 Bg7 3. Nf3 d6 4. Nc3 a6 5. a4 b6 6. Be3 Nd7 7. Qd2 h6 8. Bd3 Bb7
9. O-O e6 10. Rfe1 Ne7 11. h3 Kf8 12. Nh2 c5 13. Nf3 Qc7 14. Qe2 Kg8 15. Rad1
Kh7 16. d5 exd5 17. Nxd5 Nxd5 18. exd5 Bxd5 19. Bxg6+ fxg6 20. Rxd5 Nf6 21. Rd3
d5 22. c3 Rhe8 23. Qd1 Rad8 24. Bc1 Rxe1+ 25. Qxe1 Qc6 26. b3 Re8 27. Re3 Rxe3
28. Qxe3 Ne4 29. Bd2 Nxd2 30. Nxd2 d4 31. cxd4 cxd4 32. Qe2 Qc2 33. g3 b5 34.
axb5 axb5 35. Kg2 b4 36. h4 Qc3 37. f3 Qc2 38. h5 gxh5 39. Qe4+ Qxe4 40. Nxe4
Kg6 41. Kf2 Kf5 42. Nc5 Bf8 43. Nd3 Kg5 44. Kg2 h4 45. Kh3 hxg3 46. Kxg3 Bd6+
47. Kh3 h5 48. Kg2 Kh4 49. Nf2 Bf8 50. Nd3 Be7 51. Nf2 Kg5 52. Nd3 Kf5 53. Kg3
Bd6+ 54. Kh4 Kg6 55. Kh3 Kg5 56. Kg2 1/2-1/2

[Event "44th Guernsey International Open"]
[Site "?"]
[Date "2018.10.22"]
[Round "2"]
[White "Sedgwick, David R"]
[Black "Korneev, Oleg"]
[Result "0-1"]
[WhiteElo "2013"]
[BlackElo "2560"]
[PlyCount "56"]
[EventDate "2018.10.21"]

1. e4 e5 2. Nf3 Nc6 3. Bc4 Bc5 4. c3 Nf6 5. d4 exd4 6. cxd4 Bb4+ 7. Nc3 Nxe4 8.
O-O Bxc3 9. d5 Bf6 10. Re1 Ne7 11. Rxe4 d6 12. Bg5 Bxg5 13. Nxg5 h6 14. Nf3 O-O
15. Qd2 Bd7 16. Rae1 Ng6 17. Nd4 Re8 18. Rxe8+ Bxe8 19. Bd3 Ne5 20. Bc2 Bd7 21.
f4 Ng4 22. Bf5 Nf6 23. Bxd7 Qxd7 24. Nf3 Qb5 25. Rd1 Re8 26. Qd3 Qxb2 27. Rb1
Qxa2 28. Rxb7 Nxd5 0-1

[Event "44th Guernsey International Open"]
[Site "?"]
[Date "2018.10.22"]
[Round "2"]
[White "Hillarp Persson, Tiger"]
[Black "Purdon, Colin"]
[Result "1-0"]
[WhiteElo "2544"]
[BlackElo "2036"]
[PlyCount "83"]
[EventDate "2018.10.21"]

1. Nf3 d5 2. c4 d4 3. g3 Nc6 4. Bg2 e5 5. O-O Nf6 6. d3 a5 7. e3 Be7 8. exd4
exd4 9. Na3 O-O 10. Nb5 Bf5 11. Re1 Qd7 12. Bf4 Rac8 13. a3 Rfe8 14. Qd2 Nh5
15. Ne5 Nxe5 16. Bxe5 c5 17. Re2 Bf6 18. Rae1 Bxe5 19. Rxe5 Rxe5 20. Rxe5 b6
21. Rd5 Qe6 22. Rd6 Qe7 23. Rxb6 Rd8 24. h3 Nf6 25. Kh2 Bg6 26. Rb7 Rd7 27.
Rb8+ Rd8 28. Rb7 Rd7 29. Qxa5 Rxb7 30. Qa8+ Qe8 31. Qxb7 Bxd3 32. a4 h6 33. a5
Be4 34. Nd6 Bxb7 35. Nxe8 Ba6 36. Nc7 Bxc4 37. a6 Bxa6 38. Nxa6 c4 39. Nb4 Nd7
40. Nc2 c3 41. bxc3 dxc3 42. Kg1 1-0

[Event "44th Guernsey International Open"]
[Site "?"]
[Date "2018.10.22"]
[Round "2"]
[White "Prins, Jan H"]
[Black "Le Roux, Jean Pierre"]
[Result "0-1"]
[WhiteElo "2003"]
[BlackElo "2532"]
[PlyCount "78"]
[EventDate "2018.10.21"]

1. Nf3 Nf6 2. g3 g6 3. Bg2 d5 4. d4 Bg7 5. O-O O-O 6. Bf4 c5 7. c3 Nfd7 8. dxc5
Nxc5 9. Ne5 Nc6 10. Nxc6 bxc6 11. Be3 Qd6 12. Nd2 a5 13. Bxc5 Qxc5 14. e4 a4
15. Re1 d4 16. c4 d3 17. Rb1 Rd8 18. b4 axb3 19. axb3 Ra2 20. e5 Bxe5 21. b4
Qd4 22. Bxc6 Bg4 23. Re4 Bxd1 24. Rxd4 Bxd4 25. Rxd1 Bc3 26. Nf1 Bxb4 27. Be4
Bc5 28. Ne3 d2 29. Kf1 Bxe3 30. fxe3 Ra4 31. Ke2 Rxc4 32. Bd3 Rc6 33. Rxd2 Rcd6
34. e4 Kg7 35. Ke3 e5 36. g4 h6 37. Rd1 Kf8 38. Rd2 Rd4 39. h3 f5 0-1

[Event "44th Guernsey International Open"]
[Site "?"]
[Date "2018.10.22"]
[Round "2"]
[White "Povah, Nigel E"]
[Black "Van den Boogaart, Jan Maarten"]
[Result "1-0"]
[WhiteElo "2303"]
[BlackElo "2009"]
[PlyCount "103"]
[EventDate "2018.10.21"]

1. d4 d5 2. Bf4 Nf6 3. e3 c5 4. c3 Nc6 5. Nd2 Bf5 6. Ngf3 e6 7. Qb3 Qb6 8. Qxb6
axb6 9. Bc7 Nd7 10. Bb5 Rc8 11. Bf4 Be7 12. O-O O-O 13. Rfe1 Rfd8 14. h3 h6 15.
Rad1 Nf6 16. Bf1 Bd6 17. Bxd6 Rxd6 18. Ne5 Rdd8 19. Nxc6 bxc6 20. dxc5 bxc5 21.
f3 Ra8 22. Ra1 Bg6 23. a4 c4 24. b4 cxb3 25. Nxb3 Nd7 26. a5 c5 27. Bb5 Bc2 28.
Nd2 c4 29. Rec1 Bd3 30. a6 Nc5 31. a7 Rdc8 32. Ra5 Rc7 33. Rca1 Kf8 34. R1a3
Ke7 35. Kf2 Nb7 36. Ra6 Nc5 37. Rc6 Kd8 38. Rd6+ Kc8 39. Ba6+ Nxa6 40. Rdxa6
Rb7 41. e4 Kc7 42. Ke3 Rb2 43. h4 Rb6 44. Rxb6 Kxb6 45. exd5 exd5 46. Kd4 Rxa7
47. Rxa7 Kxa7 48. Kxd5 Kb8 49. Nxc4 Bf1 50. Ne3 Bd3 51. Kd6 Kc8 52. c4 1-0

[Event "44th Guernsey International Open"]
[Site "?"]
[Date "2018.10.22"]
[Round "2"]
[White "Magnussen, Pal"]
[Black "Grieve, Harry"]
[Result "0-1"]
[WhiteElo "2000"]
[BlackElo "2292"]
[PlyCount "52"]
[EventDate "2018.10.21"]

1. e4 d6 2. d4 Nf6 3. Nc3 Nbd7 4. Nf3 e5 5. Be2 c6 6. O-O Qc7 7. h3 b5 8. a3 a6
9. Bg5 Be7 10. Qd3 O-O 11. Rad1 Re8 12. Rfe1 Bb7 13. dxe5 dxe5 14. Bxf6 Nxf6
15. Qe3 Nd7 16. Nh2 Nc5 17. Qg3 Kf8 18. Bg4 Bc8 19. b4 Ne6 20. Nf1 a5 21. Re3
axb4 22. axb4 Bxb4 23. Qh4 h6 24. Ne2 Be7 25. Qh5 Kg8 26. h4 g6 0-1

[Event "44th Guernsey International Open"]
[Site "?"]
[Date "2018.10.22"]
[Round "2"]
[White "Cornelisse, John"]
[Black "Thurlow, Kevin J"]
[Result "1-0"]
[WhiteElo "2184"]
[BlackElo "2002"]
[PlyCount "87"]
[EventDate "2018.10.21"]

1. d4 Nf6 2. c4 e6 3. Nc3 d5 4. Nf3 c5 5. cxd5 exd5 6. g3 Nc6 7. Bg2 Be6 8. O-O
Be7 9. dxc5 Bxc5 10. Bg5 Be7 11. Nd4 O-O 12. Nxe6 fxe6 13. Bh3 Qd7 14. e4 d4
15. Qb3 Nd8 16. Rad1 Kh8 17. e5 Nd5 18. Qxd5 Qxd5 19. Nxd5 Bxg5 20. Nc7 Rc8 21.
Nxe6 Nxe6 22. Bxe6 Rc2 23. f4 Be7 24. Rf2 Rc7 25. Kg2 Bc5 26. Rc2 Rd8 27. Rdc1
b6 28. b4 d3 29. Rd2 Bxb4 30. Rxd3 Rxd3 31. Rxc7 g6 32. f5 gxf5 33. Rxh7+ Kxh7
34. Bxf5+ Kg7 35. Bxd3 Bc3 36. e6 Kf6 37. Bc4 b5 38. Bxb5 Kxe6 39. Kf3 Kf6 40.
h4 Kg6 41. Be8+ Kh6 42. g4 a5 43. g5+ Kg7 44. Kg4 1-0

[Event "44th Guernsey International Open"]
[Site "?"]
[Date "2018.10.22"]
[Round "2"]
[White "Cummins, John"]
[Black "Havenaar, Jan"]
[Result "0-1"]
[WhiteElo "1748"]
[BlackElo "2043"]
[PlyCount "56"]
[EventDate "2018.10.21"]

1. e4 g6 2. Nf3 Bg7 3. d4 d6 4. Bd3 Nc6 5. c3 e5 6. d5 Nce7 7. Nbd2 Nf6 8. Qb3
O-O 9. O-O Nd7 10. Qd1 f5 11. Nb3 Nf6 12. Bg5 fxe4 13. Bxf6 exf3 14. Bxe7 Qxe7
15. Be4 fxg2 16. Bxg2 Bh6 17. Nd2 Qh4 18. Ne4 Bg4 19. Qe1 Rf3 20. Ng3 Raf8 21.
a4 R3f4 22. a5 Bf3 23. Ra3 Bxg2 24. Kxg2 Qg4 25. Kg1 Qh3 26. Qe2 Rh4 27. Re1
Qxh2+ 28. Kf1 Qxg3 0-1

[Event "44th Guernsey International Open"]
[Site "?"]
[Date "2018.10.22"]
[Round "2"]
[White "Reijneveld, Ad"]
[Black "Collier, David O"]
[Result "0-1"]
[WhiteElo "2089"]
[BlackElo "1999"]
[PlyCount "66"]
[EventDate "2018.10.21"]

1. d4 Nf6 2. Nf3 d5 3. Bf4 c5 4. c3 Qb6 5. Qb3 c4 6. Qc2 g6 7. e3 Bf5 8. Qc1
Bg7 9. h3 O-O 10. Nbd2 Nbd7 11. Be2 Rfe8 12. O-O Ne4 13. g4 Nxd2 14. Qxd2 Be6
15. Ng5 Nf6 16. Nxe6 Qxe6 17. f3 Qc6 18. b3 b5 19. a4 a6 20. bxc4 bxc4 21. Rfb1
Nd7 22. e4 e5 23. dxe5 dxe4 24. Qd6 Qxd6 25. exd6 Bxc3 26. Ra2 Rac8 27. Rb7 Nc5
28. Rc7 Rxc7 29. dxc7 Ne6 30. Bxc4 Nxf4 31. Bxa6 e3 32. Rc2 e2 33. Bxe2 Rc8 0-1

[Event "44th Guernsey International Open"]
[Site "?"]
[Date "2018.10.22"]
[Round "2"]
[White "Spanton, Timothy R"]
[Black "Waddington, Mike P"]
[Result "0-1"]
[WhiteElo "1923"]
[BlackElo "2096"]
[PlyCount "43"]
[EventDate "2018.10.21"]

1. c4 f5 2. Nc3 Nf6 3. g3 g6 4. Bg2 Bg7 5. d3 O-O 6. e4 e5 7. exf5 gxf5 8. Nge2
Nc6 9. d4 e4 10. O-O d6 11. Bg5 Qe8 12. Bxf6 Rxf6 13. Nd5 Rf7 14. b4 Be6 15.
Ne3 Nxb4 16. d5 Bc8 17. Rb1 Nd3 18. f3 Bh6 19. f4 Bg7 20. Nc1 Bd4 21. Qd2 Nxc1
22. Qxd4 0-1

[Event "44th Guernsey International Open"]
[Site "?"]
[Date "2018.10.22"]
[Round "2"]
[White "Karstens, Lex"]
[Black "Rosen, Daniel B"]
[Result "0-1"]
[WhiteElo "1874"]
[BlackElo "2081"]
[PlyCount "64"]
[EventDate "2018.10.21"]

1. d4 f5 2. Nc3 d5 3. Bf4 Nf6 4. e3 e6 5. a3 Be7 6. Nf3 O-O 7. Bd3 Bd7 8. Ne5
Be8 9. g4 Ne4 10. gxf5 exf5 11. Rg1 Kh8 12. Bxe4 dxe4 13. Qd2 Bh5 14. Ne2 Bxe2
15. Kxe2 Nd7 16. Rg2 Nxe5 17. Bxe5 Bf6 18. Bxf6 Qxf6 19. Rag1 Rf7 20. c3 Raf8
21. Kd1 Qb6 22. Qc2 c5 23. dxc5 Qxc5 24. Kc1 Qe5 25. Qa4 b6 26. Qb4 Rd8 27. h4
Rfd7 28. Qb3 Qf6 29. h5 Qd6 30. Qc2 Qe6 31. Kb1 b5 32. Qe2 Qb3 0-1

[Event "44th Guernsey International Open"]
[Site "?"]
[Date "2018.10.22"]
[Round "2"]
[White "Kraft, Karl Heinz"]
[Black "Taylor, Mark V"]
[Result "1/2-1/2"]
[WhiteElo "2047"]
[BlackElo "1933"]
[PlyCount "81"]
[EventDate "2018.10.21"]

1. e4 e6 2. d4 b6 3. Bd3 Bb7 4. Nf3 c5 5. c3 cxd4 6. cxd4 Nf6 7. Nc3 Bb4 8. Qc2
h6 9. Bd2 O-O 10. O-O Be7 11. h3 Nc6 12. a3 Rc8 13. b4 d5 14. e5 Ne4 15. Qb2
Nxc3 16. Bxc3 Qd7 17. b5 Na5 18. Bxa5 bxa5 19. Rac1 Rxc1 20. Rxc1 Rc8 21. Nd2
Rxc1+ 22. Qxc1 Bg5 23. Qc3 Bxd2 24. Qxd2 Qc7 25. f4 Bc8 26. Kf2 Bd7 27. Ke3 Kf8
28. g4 f6 29. Kf3 fxe5 30. fxe5 Be8 31. Kg3 Kg8 32. h4 Kh8 33. g5 hxg5 34. hxg5
Bh5 35. Qh2 Qf7 36. Be2 g6 37. Qf2 Qxf2+ 38. Kxf2 Kg7 39. Bd3 Kf7 40. Ke3 Ke7
41. Kd2 1/2-1/2

[Event "44th Guernsey International Open"]
[Site "?"]
[Date "2018.10.22"]
[Round "2"]
[White "Curtis, John E"]
[Black "Goris, Ton"]
[Result "1-0"]
[WhiteElo "2042"]
[BlackElo "1922"]
[PlyCount "51"]
[EventDate "2018.10.21"]

1. d4 e6 2. Nf3 c5 3. e3 Nf6 4. Bd3 d5 5. b3 Nc6 6. a3 Bd6 7. Bb2 O-O 8. O-O b6
9. Ne5 Bb7 10. Nd2 Ne7 11. Qe2 a6 12. Rfd1 Qc7 13. a4 Ne4 14. Bxe4 dxe4 15.
Ndc4 Rad8 16. Nxd6 Rxd6 17. dxc5 Rxd1+ 18. Rxd1 Rd8 19. Rxd8+ Qxd8 20. cxb6
Qxb6 21. Nc4 Qc5 22. Qg4 Ng6 23. Qg3 h6 24. Qb8+ Qc8 25. Qxc8+ Bxc8 26. Nd6 1-0

[Event "44th Guernsey International Open"]
[Site "?"]
[Date "2018.10.22"]
[Round "2"]
[White "Van Ginkel, Henk"]
[Black "Wager, John D"]
[Result "1-0"]
[WhiteElo "1842"]
[BlackElo "2029"]
[PlyCount "59"]
[EventDate "2018.10.21"]

1. e4 c5 2. Nc3 Nc6 3. g3 g6 4. Bg2 Bg7 5. d3 e6 6. f4 Nge7 7. Nf3 O-O 8. O-O
d5 9. e5 a6 10. a4 Rb8 11. Rb1 b5 12. axb5 axb5 13. g4 Qb6 14. Kh1 Bd7 15. Ne2
Rfc8 16. Ng3 Rb7 17. Be3 b4 18. Nh4 Rbc7 19. Qe2 g5 20. Nf3 gxf4 21. Bxf4 Ng6
22. Nh5 Nxf4 23. Nxf4 Nd4 24. Qd2 Nxf3 25. Rxf3 Bxe5 26. Nh5 f6 27. Qh6 Be8 28.
Nxf6+ Bxf6 29. Rxf6 Bg6 30. Bxd5 1-0

[Event "44th Guernsey International Open"]
[Site "?"]
[Date "2018.10.22"]
[Round "2"]
[White "Bolt, Graham"]
[Black "Morcom, Huw"]
[Result "1-0"]
[WhiteElo "1994"]
[BlackElo "1901"]
[PlyCount "51"]
[EventDate "2018.10.21"]

1. Nf3 c5 2. g3 g6 3. Bg2 Bg7 4. O-O Nf6 5. d3 O-O 6. e4 d6 7. Nbd2 Nc6 8. c3
e5 9. Qc2 h6 10. a3 Be6 11. b4 b6 12. b5 Na5 13. c4 Rc8 14. Nb3 Nxb3 15. Qxb3
Nh5 16. Ra2 f5 17. exf5 gxf5 18. Nh4 f4 19. Qd1 Qg5 20. Bf3 Nf6 21. Kh1 Nh7 22.
Ng2 Bh3 23. Rg1 Bxg2+ 24. Rxg2 Qf6 25. gxf4 exf4 26. Bb2 1-0

[Event "44th Guernsey International Open"]
[Site "?"]
[Date "2018.10.22"]
[Round "2"]
[White "Fassaert, Desire JM"]
[Black "Murray, J Stephen"]
[Result "1/2-1/2"]
[WhiteElo "1942"]
[BlackElo "1757"]
[PlyCount "43"]
[EventDate "2018.10.21"]

1. c4 e6 2. Nf3 Nf6 3. Nc3 d5 4. e3 Be7 5. d4 O-O 6. Bd3 b6 7. O-O Bb7 8. b3
Nbd7 9. Bb2 c5 10. cxd5 cxd4 11. Nxd4 Nxd5 12. Rc1 Nxc3 13. Rxc3 Nf6 14. Nc6
Bxc6 15. Rxc6 Rc8 16. Rxc8 Qxc8 17. Qe2 Rd8 18. Rc1 Qd7 19. Bb5 Qd6 20. Qc2 Qc5
21. Be2 h6 22. g3 1/2-1/2